Top 100 des prénoms féminins les plus donnés en 2024 - Statistiques

Statistiques générales
  • Ce quiz a été pris 9 819 fois
  • Le résultat moyen est 32 sur 100
Statistiques - réponses
Réponse % Correct
13 L Lou
84%
1 J Jade
75%
22 L Léa
75%
5 E Emma
71%
2 L Louise
67%
9 A Anna
66%
31 Z Zoé
66%
15 C Chloé
60%
51 C Camille
57%
40 L Lola
57%
58 M Manon
57%
14 J Julia
56%
21 J Juliette
56%
7 A Alice
55%
10 L Lina
53%
6 R Rose
53%
54 S Sarah
53%
37 I Inès
52%
70 C Clara
51%
27 J Jeanne
50%
11 L Léna
48%
33 R Romane
48%
99 L Lisa
46%
38 L Lucie
46%
3 A Ambre
44%
93 L Lilou
43%
29 E Eva
42%
28 N Nina
40%
42 C Charlotte
39%
45 L Louna
39%
75 L Lily
38%
69 V Valentine
38%
91 A Anaïs
36%
4 A Alba
35%
23 V Victoire
35%
84 A Alicia
34%
65 L Lana
34%
73 L Lila
34%
12 M Mia
34%
30 O Olivia
34%
34 V Victoria
34%
18 I Iris
33%
85 L Lise
33%
64 M Maria
33%
61 G Gabrielle
32%
24 L Luna
32%
82 M Mathilde
32%
8 R Romy
32%
63 C Clémence
31%
55 M Margot
30%
17 A Agathe
29%
43 M Mila
29%
48 E Eléna
28%
46 M Margaux
27%
76 Y Yasmine
27%
98 C Célia
26%
96 M Maëlys
26%
44 S Sofia
26%
49 E Emy
25%
56 T Théa
25%
26 A Adèle
24%
16 A Alma
24%
32 L Léonie
24%
20 C Charlie
23%
79 H Héloïse
21%
78 M Maya
21%
74 Z Zélie
21%
41 A Alix
19%
87 A Amélia
19%
47 A Ava
19%
25 G Giulia
19%
19 I Inaya
19%
36 L Lya
19%
66 E Ella
17%
80 R Roxane
17%
52 A Aya
16%
57 C Capucine
16%
35 N Nour
16%
83 V Valentina
16%
92 A Aria
15%
81 D Diane
15%
50 M Mya
15%
89 N Nora
15%
95 S Salomé
14%
72 T Thaïs
14%
60 A Albane
13%
53 A Alya
13%
86 C Constance
13%
94 J Joséphine
12%
59 L Lyna
12%
67 A Apolline
11%
77 J Joy
11%
62 L Livia
11%
71 A Assia
10%
68 C Céleste
10%
39 L Lyana
9%
97 S Suzanne
9%
88 A Arya
7%
100 A Aïcha
6%
90 M Maddy
4%
Aucun quiz correspondant
Distribution des résultats
% des personnes avec chaque résultat
Percentile par nombre de réponses
Votre historique - résultats
Vous n’avez pas pris ce quiz